000 00566cab a2200217 4500
001 X3331
008 090401t1996 xxu||||| |||| 00| 0 eng d
035 _a(Sirsi) u29812
041 _aeng
245 _aRICS internet addresses
260 _c1996
350 _a0
490 _aCSM (Chartered Surveyor Monthly)
_v5(5) February 1996, 13(1)
650 _aINTERNET ADDRESSES
650 _aINTERNET
650 _aRICS
690 _aMANAGEMENT-BUSINESS MANAGEMENT-INFORMATION MANAGEMENT
690 _aPROFESSIONAL PRACTICE
942 _n0
948 _c04/03/1997
999 _c20053
_d20053